000 00512nam a2200193 a 4500
001 1773047388462
003 YourLibrary
005 20260309144519.0
008 260309s2003##################000#0#eng##
020 _a9781403915375
082 0 4 _a338.94305
_bBLA
100 1 _aBłaszczyk, Barbara,
_eauthor.
245 1 0 _aSecondary Privatisation in Transition Economies :
260 _c2003.
300 _a296 pages
650 0 _aCzech Republic.
942 _cENGLISH
040 _aYourLibrary
_beng
_cYourLibrary
999 _c617288
_d617288